pays ayant pour première lettre la même que celle de leur capitale - Statistiques

Statistiques générales
  • Ce quiz a été pris 317 fois
  • Le résultat moyen est 24 sur 29
Statistiques - réponses
Hint Réponse % Correct
alger algerie
100%
bruxelles belgique
99%
andorre la vieille andorre
98%
brasilia bresil
98%
luxembourg luxembourg
97%
mexico mexique
97%
monaco monaco
97%
tunis tunisie
97%
singapour singapour
96%
guatemala city guatemala
95%
koweit koweit
95%
panama panama
95%
stockholm suede
95%
vatican vatican
95%
djibouti djibouti
93%
saint marin saint marin
93%
san salvador salvador
90%
sri jayawardenapura kotte sri lanka
85%
sao tomé sao tomé et principe
82%
niamey niger
77%
maputo mozambique
67%
belmopan belize
64%
bandar ser begawan brunei
62%
bujumbura burundi
62%
bridgtown barbade
60%
malé maldives
60%
georgetown guyana
55%
port moresby papouasie nouvelle guinee
48%
majuro (marshall)
35%
Aucun quiz correspondant
Distribution des résultats
% des personnes avec chaque résultat
Percentile par nombre de réponses
Votre historique - résultats
Vous n’avez pas pris ce quiz